000 01225nam0a22002531 4500
001 rc\3268329
005 20260407111617.0
021 _aRU
_bРг1173-70
035 _a(NLR Aleph) 007390964
090 _a6610233
_c6610233
100 _a20130115d1969 |||y0rusy50 ca
101 0 _arus
102 _aRU
105 _ay b |||||
200 1 _aЦенник сметных цен на местные строительные материалы, полуфабрикаты, изделия и конструкции для предприятий и строек, расположенных в административном подчинении Воркутинского горсовета
_eУтв. 17/VII 1968 с введ. в действие с 1 янв. 1969 г.
_fСовет Министров Коми АССР
210 _aСыктывкар
_cКоми кн. изд-во
_d1969
215 _a193 с.
_d17х22
316 _aЭкз. РНБ (Пт 80.3/354): с. 192 помечена ошибочно: 912
712 0 1 _aКоми АССР
_bСовет министров
_9628790
_3RU\NLR\AUTH\8810063594
801 0 _aRU
_bNLR
_gpsbo
801 1 _aRU
_bELAR
_2rusmarc
852 _aNLR
_jПт 80.3/354
942 _cBOOK
980 _aNB